000 00966nam a2200289Ii 4500
001 49911
003 CO-ViMGA
005 20250919142901.0
008 241108s9999||||xx |||||||||||||| ||und||
020 _a9581900144
040 _aCO-ViMGA
_bspa
_erda
_cCO-ViMGA
041 0 _aunk
082 0 4 _a342.8602
_bZ14d
_223
100 1 _aZalamea, Alberto
_d1929-2011
_eautor
_965025
245 1 0 _aDiario de una constituyente /
_cAlberto Zalamea
264 1 _aBogotá, Colombia :
_bTemis, Zalamea Fajardo
_c1991
300 _avolumen
336 _atext
_btxt
_2rdacontent
337 _aunmediated
_bn
_2rdamedia
338 _avolume
_bnc
_2rdacarrier
650 1 7 _aDiario
_2BLAAUTO
_xRelatos personales.
_965026
650 1 7 _aReformas constitucionales
_y1991
_zColombia
_2BLAAUTO
_941612
651 _aColombia
_yConstitución 1991.
_965027
830 _aJorge Ortega Torres-Colección
_942595
940 _aidficha_siabuc: 7103. -- ficha_no_siabuc:7273
942 _2ddc
_cBK
999 _c49911
_d49911